[Event "AUS-ch Major"]
[Site "Sydney"]
[Date "2020.01.07"]
[Round "6"]
[White "Munro, Thorin J"]
[Black "Tefanis, Frank"]
[Result "1-0"]
[WhiteElo "1892"]
[BlackElo "1976"]
[PlyCount "67"]
[EventDate "2020.01.02"]
[EventType "swiss"]
[EventRounds "11"]
[EventCountry "AUS"]
[SourceTitle "CBM 195 Extra"]
[Source "ChessBase"]
[SourceDate "2020.05.31"]
[SourceVersion "1"]
[SourceVersionDate "2020.05.31"]
[SourceQuality "1"]

1. d4 Nf6 2. Nf3 g6 3. g3 Bg7 4. Bg2 0-0 5. c4 d6 6. 0-0 Na6 7. Nc3 c5 8. e3 Bd7 9. Qe2 Qc8 10. Rd1 Be6 11. b3 Bg4 12. Bb2 Re8 13. Rd2 h6 14. Qf1 Nb4 15. d5 g5 16. a3 Na6 17. h4 Nh7 18. hxg5 hxg5 19. Nh2 Nc7 20. Ne4 Bf5 21. g4 Bxg4 22. f4 Bf5 23. Bxg7 Kxg7 24. Ng3 gxf4 25. Qxf4 Bg6 26. Ng4 Rh8 27. Be4 Nf8 28. Nf5+ Bxf5 29. Bxf5 Ng6 30. Qg5 Qg8 31. Rf1 Ne8 32. Bxg6 f6 33. Qf5 Kf8 34. Rg2 1-0

[Event "AUS-ch Major"]
[Site "Sydney"]
[Date "2020.01.02"]
[Round "1"]
[White "Tefanis, Frank"]
[Black "Karabatsos, John"]
[Result "1-0"]
[WhiteElo "1976"]
[BlackElo "1639"]
[PlyCount "75"]
[EventDate "2020.01.02"]
[EventType "swiss"]
[EventRounds "11"]
[EventCountry "AUS"]
[SourceTitle "CBM 195 Extra"]
[Source "ChessBase"]
[SourceDate "2020.05.31"]
[SourceVersion "1"]
[SourceVersionDate "2020.05.31"]
[SourceQuality "1"]

1. e4 c5 2. Nf3 d6 3. c3 Nf6 4. Bd3 Nc6 5. h3 e6 6. Bc2 b5 7. 0-0 Bb7 8. Re1 Be7 9. d3 0-0 10. Nbd2 Rc8 11. Nf1 a5 12. Ng3 Qc7 13. Bf4 e5 14. Bg5 Nd8 15. Nf5 Ne6 16. Bh4 h6 17. Qd2 Nf4 18. Rad1 Rfe8 19. Bb1 Rcd8 20. d4 Bc8 21. Bg3 N6h5 22. Ne3 Nxg3 23. fxg3 Nh5 24. Nd5 Qa7 25. dxe5 dxe5 26. Nxe5 Bg5 27. Nc6 Qd7 28. Qe2 Qxc6 29. Qxh5 Re5 30. Qf3 f5 31. h4 fxe4 32. Bxe4 Rf8 33. Ne7+ Bxe7 34. Bxc6 Rxf3 35. Rxe5 Rf6 36. Bd5+ Kf8 37. Rde1 Rf5 38. Rxe7 1-0